|
|
|
|
| LEADER |
00000nam0a2200000 4500 |
| 001 |
329035 |
| 005 |
20231102004124.0 |
| 035 |
|
|
|a (RuTPU)RU\TPU\book\354775
|
| 035 |
|
|
|a RU\TPU\book\354774
|
| 090 |
|
|
|a 329035
|
| 100 |
|
|
|a 20170302d1929 k y0rusy50 ca
|
| 101 |
0 |
|
|a rus
|
| 102 |
|
|
|a RU
|
| 105 |
|
|
|a a z 001zy
|
| 200 |
1 |
|
|a Исследование электросварных соединений применяемых при постройке паровых котлов
|d Untersuchung an elektrishgeschweissten verbindungen fur den dampfkesselbau
|f Г. К. Татур, В. П. Вологдин
|g Государственный дальневосточный университет (ГДУ)
|
| 210 |
|
|
|a Владивосток
|c Типография ГДУ
|d 1929
|
| 215 |
|
|
|a 54 с.
|
| 225 |
1 |
|
|a Труды государственного Дальневосточного университета
|
| 225 |
1 |
|
|a Серия 13: Техника
|v № 10
|
| 300 |
|
|
|a Парал. заглавие, резюме на фр., нем. яз.
|
| 320 |
|
|
|a Библиогр.: с. 5-6
|
| 510 |
1 |
|
|a Untersuchung an elektrishgeschweissten verbindungen fur den dampfkesselbau
|z ger
|
| 606 |
1 |
|
|a Паровые котлы
|2 stltpush
|3 (RuTPU)RU\TPU\subj\71412
|9 85333
|
| 610 |
1 |
|
|a электросварные соединения
|
| 610 |
1 |
|
|a постройка
|
| 610 |
1 |
|
|a высокое давление
|
| 610 |
1 |
|
|a электрическая сварка
|
| 610 |
1 |
|
|a электроды
|
| 675 |
|
|
|a 621.181
|v 4
|
| 700 |
|
1 |
|a Татур
|b Г. К.
|
| 701 |
|
1 |
|a Вологдин
|b В. П.
|
| 712 |
0 |
2 |
|a Государственный дальневосточный университет (ГДУ)
|c (Владивосток)
|c (1920-1930)
|2 stltpush
|3 (RuTPU)RU\TPU\col\19935
|
| 801 |
|
1 |
|a RU
|b 63413507
|c 20170216
|
| 801 |
|
2 |
|a RU
|b 63413507
|c 20230428
|g RCR
|
| 942 |
|
|
|c BK
|